Online Catalogue and eLibrary

Sintanaiyalar Nietzsche: (Record no. 4271)

MARC details
000 -LEADER
fixed length control field 00452nam a2200157Ia 4500
005 - DATE AND TIME OF LATEST TRANSACTION
control field 20250306044427.0
008 - FIXED-LENGTH DATA ELEMENTS--GENERAL INFORMATION
fixed length control field 240331s9999 xx 000 0 und d
082 ## - DDC Classification
Item Number - Author Mark MAL
DDC Edition Number 2589
Class No. 920
100 ## - MAIN ENTRY--PERSONAL NAME
Personal name Malar, M
245 #0 - TITLE STATEMENT
Title Sintanaiyalar Nietzsche:
Remainder of title Sinthanaiyalar Varisai - 15
250 ## - EDITION STATEMENT
Edition statement 3rd Edition
260 ## - PUBLICATION, DISTRIBUTION, ETC.
Place of publication, distribution, etc. Chennai
Name of publisher, distributor, etc. Prema Pirasuram
Date of publication, distribution, etc. 1993
300 ## - PHYSICAL DESCRIPTION
Extent (e.g. Volumes, Pages etc.) 176 p.,
500 ## - GENERAL NOTE
General note Biography of German philosopher, poet and culture critic.
942 ## - Koha item type (Biblio)
Koha item type Books in Stacks (Lending)
Holdings
Lost status Damaged status Collection code Home library Current library Shelving location Date acquired Full call number Accession Number Item type
    Lending WERC Library WERC Library Social Science Cupboard 03/31/2024 920 MAL 2589 Books in Stacks (Lending)

© WERC Library